Ultimate Country Flag Challenge 7 - Statistics

General Stats
  • This quiz has been taken 49 times
  • The average score is 15 of 20
Answer Stats
Picture Answer % Correct
Austria
97%
Latvia
89%
Nigeria
89%
Luxembourg
86%
Mauritius
86%
Armenia
83%
Sierra Leone
83%
Gabon
81%
Madagascar
78%
Mali
78%
Nauru
78%
Benin
75%
Jordan
75%
Guinea
72%
Serbia
72%
Togo
72%
South Sudan
67%
Gambia
56%
Suriname
56%
United Arab Emirates
47%
No matching quizzes found
Score Distribution
Percent of People with Each Score
Percentile by Number Answered
Your Score History
You have not taken this quiz